000
00305nam a22001337a 4500
008
171228b xxu||||| |||| 00| 0 eng d
020
_a
0895775506
041
_a
eng
080
_a
341
100
_a
14
101
_a
SHJ
245
_a
Reader's Digest Legal Problem Solver
_c
Dobelis, I.N
942
_2
udc
_c
BK
999
_c
39505
_d
39505